Natura en gestió : el tractament dels recursos naturals a Catalunya / Lluís Ferrés, Ramon Folch, Miquel Monge el tractament dels recursos naturals a Catalunya / Lluís Ferrés, Ramon Folch, Miquel Monge
Descripción Física:
159 p. : il. col. ; 27 cm
Materias:
Natura -- Protecció -- Catalunya
MARC
| LEADER | 00000nam a2200000Ia 4500 | ||
|---|---|---|---|
| 001 | 9862 | ||
| 008 | 160829s1991 xx 000 0 cat d | ||
| 080 | |a C-1-161 | ||
| 100 | |a Ferrés, Lluís |9 21010 | ||
| 245 | |a Natura en gestió : |b el tractament dels recursos naturals a Catalunya / Lluís Ferrés, Ramon Folch, Miquel Monge | ||
| 260 | |a Barcelona : |b Enciclopèdia Catalana, |c 1991 | ||
| 300 | |a 159 p. : |b il. col. ; |c 27 cm | ||
| 590 | |a Amb la col·laboració de Generalitat de Catalunya. Departament de Medi Ambient | ||
| 650 | |a Natura |x Protecció |x Catalunya |9 32124 | ||
| 700 | |a Folch, Ramon, |d 1946- |9 38461 | ||
| 700 | |a Monge, Miquel |9 21013 | ||
| 700 | |a Catalunya. Departament de Medi Ambient |9 34766 | ||
| 901 | |a Arxiu | ||
| 942 | |n 1 | ||
| 952 | |0 0 |1 0 |4 0 |6 C1161 |7 1 |9 41772 |a Arxiu |b Arxiu |d 2016-12-01 |l 0 |o C-1-161 |p 9862 |r 2016-12-01 00:00:00 |w 2016-12-01 |y ARXIU | ||
| 999 | |c 43662 |d 43662 | ||